Pokročili v komunistickej výchove [rozhovor o hodnotiacich členských schôdzach ZO KSS na Vysokej škole technickej v Košiciach]

Bibliographic Details
Main Author: Šefar, Michal (Author)
Format: Article
Language:Slovak
Subjects:

MARC

LEADER 00000nab a2200000 a 4500
001 vtls008833360
003 SK-MaSNL
005 20260303183950.0
008 050509 19770221xo d 000 0 slo
015 |a SNBRB1977 
040 |a SNKBUCL  |b slo  |c SNKBUCL  |e AACR2 
041 0 |a slo 
044 |a xo  |c SK 
080 |a 329.15(437.6)  |2 2001 
245 0 0 |a Pokročili v komunistickej výchove  |b [rozhovor o hodnotiacich členských schôdzach ZO KSS na Vysokej škole technickej v Košiciach]  |c [autor] som 
610 2 7 |a Komunistická strana Slovenska.  |b Základné organizácie  |2 snkbucl  |9 87378 
610 2 7 |a Vysoká škola technická v Košiciach  |2 snkbucl  |9 34902 
648 7 |a február 1977  |2 snkbucl  |9 1068169 
650 0 7 |a členské schôdze  |2 snkbucl  |9 470450 
651 7 |a Košice (Slovensko)  |2 snkbucl  |9 18694 
700 1 |a Šefar, Michal  |4 aut  |9 1213618 
773 0 |t Večer  |g 21.2.1977, s. 1 a 3. 
999 |c 2124014  |d 2125944